Statistics for CornMan's hard history quiz!

Click here to take the quiz!

General Stats

  • This quiz has been taken 19 times
    (16 since last reset)
  • The average score is 23 of 70

Answer Stats

HintAnswer% Correct
This Venezuelan soldier and statesman who played a pivotal role in the South American Independence Movement is also credited as being the liberator of Peru, Panama, Colombia, Ecuador, and BoliviaSimon Bolivar
78%
What city state was conquered by Rome after a series of Punic Wars and eventually led to the Roman domination of the Mediterranean?Carthage
67%
Who was the face that launched a thousand ships which in turn led to a long and grueling war that is debated if it even happened in the first place?Helen
67%
Precursor to the U.N.?The League of Nations
67%
Who was arguably the most famous British admiral of all time and one of the greatest admirals in world history losing his right arm and eyesight in his right eye?Horatio Nelson
56%
Considered the worst monarch in British history. He was the youngest son of King Henry II whose notable achievements include losing the Crown Jewels in a swamp and weakening the power of the monarchy.King John I
56%
Who discovered America? More specifically, who was the first person to set foot in North America that wasn't an indigenous person?Leif Erikson
56%
One of two "great" Russian leaders he is often the less famous of the two but still helped establish Russia into what it is today through modernization of the empire.Peter the Great
56%
At the time of this quiz what is the most recently founded country?South Sudan
56%
The Last of the Russian Tsars whose entire family was executed alongside him in 1918.Tsar Nicholas II
56%
Who won the War of the Roses? And subsequent family is legendary in lineage?Tudors
56%
What was the only major naval battle of the First World War?Battle of Jutland
44%
The Norwegian creator of arguably one of the most famous works of art ever that was stolen on 2 separate occasions.Edvard Munch
44%
The First European man to start a settlement on Greenland after being banished from Iceland and the one who named the island.Erik the Red
44%
Who was the second best confederate general in the American Civil War who was ultimately shot and killed by his own men on accident?General Thomas "Stonewall" Jackson
44%
Who is called the "Marshall of Victory" and is one of the major contributing factors that Soviet Russia didn't fall to the Germans and led some of the Red Army's greatest offensives?Georgy Zhukov
44%
The greatest warrior of Troy who was a prince that led the armies of Troy and was one of many heroes that fought in this epic 10 year war.Hector
44%
The great Herodotus of Ancient Greece is widely considered the father of what?History
44%
What is the northernmost of the four islands of Japan?Hokkaido
44%
What Mongolian ruler tried to invade the island of Japan in 1274 CE and again in 1281 CE and came incredibly close to wiping out Samurai culture but trying to reach the last Japanese stronghold his army was destroyed by a sudden typhoon.Kublai Khan
44%
Who was the first member of the Second Triumvirate?Lepidus
44%
What was the first city to exceed a population of a million after the Fall of Rome?London
44%
One of the most important documents in history that helped spread democracy in Medieval Britain and stated that nobody was above the law, not even the king. The document also included the rights of individuals, the right to justice, and the right to a fair trial.Magna Carta
44%
Who is the most famous person to not win the Nobel Peace Prize who died in 1948 and which has since been called "the greatest omission of the award"?Mahatma Gandhi
44%
Who was the second member of the Second Triumvirate?Marc Antony
44%
What was the fourth empire to rule over ancient Mesopotamia?Neo-Babylonian Empire
44%
One of the most famous medieval monarchs who ruled a Muslim empire that stretched from Egypt to Arabia. He was known for his patience and wisdom and led the Muslim military campaign against the invading forces of the Crusaders. He was respected by everyone even his adversary King Richard I.Saladin
44%
Who was the Roman general who eventually defeated Hannibal Barca in the Battle of Zama?Scipio Africanus
44%
This glorified pirate is best known for circumnavigating Earth and being the main reason for England's defense against the Spanish Armada.Sir Francis Drake
44%
What year did Howard Carter finally uncover the tomb of King Tutankhamun?1922
33%
The first manmade object to enter the StratosphereA shell fired from the Paris Gun
33%
Who invented the automobile in 1886?Carl Benz
33%
What is Africa's oldest independent country and second largest in terms of population that despite a 5 year invasion from Mussolini has never been colonized?Ethiopia
33%
Who is often cited as "The Last Roman" a general sent to retake Rome by Justinian who conquered the Vandalic Kingdom as well as the Ostrogothic Kingdom and very nearly restored the entire Western Roman Empire?Flavius Belisarius
33%
This modification of the Julian Calendar is the one we use to this day, what is the name of it?Gregorian Calendar
33%
Who was Hannibal Barca's little brother who crossed the Alps with less deaths than his older brother?Hasdrubal Barca
33%
Otto von Bismarck was the Prime Minister of Prussia and later the First Chancellor of the German Empire whose style of rule gained him this nickname.Iron Chancellor
33%
The oldest country in the world which was founded in 301 CE and is one of the smallest countries in the world landlocked in Italy.San Marino
33%
Founder of the Zulu empire in South Africa who created a fighting force that devastated the entire region?Shaka
33%
This war involving America and Spain which is sometimes called the Cuban War of Independence led to the United States becoming a world power and gaining lots of new territory.The Spanish-American War
33%
This United States president changed their pants several times a day and had 80 pairs of them in his wardrobe?Chester A. Arthur
22%
What American company that dealt in energy had one of the biggest scandals and subsequent bankruptcies up to that point in time?Enron
22%
This popular soft drink company found that through the United States trade embargo on Nazi Germany that shipping the required ingredients overseas was impossible and led to the company making an entirely new drink which exploded in popularity and quickly became the drink of choice for those living in Germany. What was the name of this drink?Fanta
22%
One of the most famous rulers of Ancient Egypt who was a woman? And no, it is not Cleopatra.Hatshepsut
22%
Who was the President of the Confederate States of America during the American Civil War?Jefferson Davis
22%
This man is called the "Liberator of America" and is known for helping liberate the countries of Peru, Argentina, and Chile from the Spanish EmpireJose de San Martin
22%
Who was the most famous leader of the Aztec Empire who eventually fell to the conquistadors of Spain and used him to control and rule the empire?Montezuma II
22%
Who was the third and final member of the Second Triumvirate?Octavian, Augustus
22%
Who was the warlike king of the Akkadians, the first empire that conquered the city-states of Sumeria and united all of Mesopotamia?Sargon the Great
22%
This Japanese man who works for Nintendo is credited for saving the video game industry through dozens of instantly recognizable IP's that fundamentally changed video games.Shigeru Miyamoto
22%
This Finnish sniper is regarded as the greatest sniper in military history with more confirmed kills than any other soldier in combat. He is often referred to as the "White Death" and single handedly stalled the Soviet Union's advance into Finland.Simo Hayha
22%
Often regarded as "The First Hollywood Blockbuster Hit" is three hours of racist propaganda that completely secured the future of feature length films as well as the reception of film as a serious medium. Unfortunately this film led to a sort of reignition of the Civil War and led to years of civil rights work tossed away.The Birth of a Nation
22%
The worlds longest river that bolstered an entire nations economy and also flows north instead of to the equator.The Nile River
22%
The only general to win a battle against Caesar in his conquest of Gaul and ultimately became France's first resistance fighter.Vercingetorix
22%
Ernest Hemingway's biggest flop. This book is often regarded as one of his worst works and had negative receptions in over 150 publications.Across the River and Into the Trees
11%
On what day did the Titanic start to sink?April 14, 1912
11%
Widely considered the "First Death of the American Revolution" he was shot and killed in the Boston Massacre but subsequent artwork depicts him as having a different skin tone.Crispus Attucks
11%
The father of the three main gods of the greek/roman religionCronus, Saturn
11%
This representative of Tennessee in the U.S. house of representatives was present during the attempted assassination of Andrew Jackson, and after Jackson gave the would be assassin a caning, This representative carted him away and later became an american legend, though not for this event.Davy Crockett
11%
The port city of Pompeii that was also destroyed from the eruption of Mt. Vesuvius in 79 CE?Herculaneum
11%
Was an officer of the early Roman Republic whose most notable achievement was when he single handedly defended the Sublician bridge against Lars Porsena and the entire Etruscan army, thereby giving the Romans time to cut down the bridge and saved Rome from an early demise.Horatius Cocles
11%
The popular comic book character Batman is actually based off of this Scottish Monarch and this revolutionary war general that later masterminded the treaty of Greenville.King Bruce I , "Mad" Anthony Wayne
11%
Uncle Tom's Cabin is one of the most influential works in American History, a book that fundamentally changed the way many Americans viewed slavery and the evils that came with it. Who was the father of the woman who wrote this book?Lyman Beecher
11%
Who commissioned famous painter Michelangelo to paint the ceiling of the Sistine Chapel?Pope Julius II
11%
Who was the last of the Seven Roman Kings who was exiled because of the actions of his son?Tarquinius Superbus
11%
The shortest lasting empire in history that lasted less than a year? This is surprising as the many other reigns in this country lasted for long stretches of time.The Empire of China
11%
The ANZAC was formed in relation to what event in 1915?The Gallipoli Offensive
11%
While Johannes Gutenberg invented the printing press, Who invented movable type?Bi Sheng
0%
What was the rescue ship that rescued a majority of surviving passengers from the Titanic?RMS Carpathia
0%
The worst famine in European history killing nearly 2 million by the time it passed. What was the name of said famine?The Great Potato Famine
0%

Score Distribution

Percentile by Number Answered

Percent of People with Each Score

Your Score History

You have not taken this quiz since the last reset